UBT Library

Exploring leadership : (Record no. 43755)

000 -LEADER
fixed length control field 01056cam a2200265 i 4500
001 - CONTROL NUMBER
control field 17612495
005 - DATE AND TIME OF LATEST TRANSACTION
control field 20180301034000.0
008 - FIXED-LENGTH DATA ELEMENTS--GENERAL INFORMATION
fixed length control field 130204s2013 cau b 001 0 eng
010 ## - LIBRARY OF CONGRESS CONTROL NUMBER
LC control number 2013001011
020 ## - INTERNATIONAL STANDARD BOOK NUMBER
International Standard Book Number 9781118399477 (pbk.)
040 ## - CATALOGING SOURCE
Original cataloging agency DLC
Language of cataloging eng
Transcribing agency DLC
Description conventions rda
Modifying agency DLC
041 ## - LANGUAGE CODE
Language code of text/sound track or separate title eng
042 ## - AUTHENTICATION CODE
Authentication code pcc
043 ## - GEOGRAPHIC AREA CODE
Geographic area code n-us---
080 ## - UNIVERSAL DECIMAL CLASSIFICATION NUMBER
Universal Decimal Classification number 378.1980973 SUS
082 00 - DEWEY DECIMAL CLASSIFICATION NUMBER
Classification number 378.1980973 SUS
Edition number 23
100 1# - Rafti
Rafti 54
101 ## - Shkurtesa
Shkurtesa LED
245 10 - TITLE STATEMENT
Title Exploring leadership :
Statement of responsibility, etc Susan R. Komives, Nance Lucas, Timothy R. McMahon.
504 ## - BIBLIOGRAPHY, ETC. NOTE
Bibliography, etc Includes bibliographical references (pages 525-550) and indexes.
776 08 - ADDITIONAL PHYSICAL FORM ENTRY
Display text Online version:
Main entry heading Komives, Susan R., 1946-
Title Exploring leadership
Edition Third edition.
Place, publisher, and date of publication San Francisco : Jossey-Bass, [2013]
International Standard Book Number 9781118421819
Record control number (DLC) 2013005065
906 ## - LOCAL DATA ELEMENT F, LDF (RLIN)
a 7
b cbc
c orignew
d 1
e ecip
f 20
g y-gencatlg
942 ## - ADDED ENTRY ELEMENTS (KOHA)
Source of classification or shelving scheme
Item type Books
Holdings
Withdrawn status Lost status Source of classification or shelving scheme Damaged status Not for loan Collection code Permanent location Current location Shelving location Date acquired Total Checkouts Full call number Barcode Date last seen Price effective from Koha item type
          Koleksioni i përgjithshem UBT - Lipjan UBT - Lipjan Koleksioni i përgjithshem 03/01/2018   378.1980973 SUS 002-3000356 03/01/2018 03/01/2018 Books
UBT Library © 2015-2024. All rights reserved University Education for Business and Technology